| 000 | 00413nam a22001457a 4500 | ||
|---|---|---|---|
| 999 |
_c9003 _d9003 |
||
| 003 | GBCCL | ||
| 005 | 20241126110703.0 | ||
| 008 | 220215b ||||| |||| 00| 0 eng d | ||
| 040 | _cgbc | ||
| 082 |
_aSOU PNC _b1993 |
||
| 245 |
_aPaite National council New Lamka unit : _bKum sawm chinna lopna |
||
| 260 |
_aNew Lamka : _bThe Paite National council New Lamka unit, _c1993 |
||
| 300 | _a21p. ; | ||
| 942 |
_2ddc _cARCH |
||